The illustrated guide to aerodynamics

Bibliographic Details
Main Author: Smith, Hubert
Format: Book
Published: United State : TAB Books , 1992
Edition:2nd ed
Subjects:

MARC

LEADER 00000cam a2200000 7i4500
001 0000003082
002 000003335
005 20000330.0
020 |a 0830639020 
090 0 0 |a 629.1323   |b SMI 
100 1 |a Smith, Hubert 
245 1 4 |a The illustrated guide to aerodynamics   |c Hubert "Skip" Smith 
250 |a 2nd ed 
260 |a United State :   |b TAB Books ,   |c 1992 
300 |a 337p. :   |b ill. ;   |c 23cm. 
650 0 0 |a Aerodynamics   |x Guidebooks 
650 0 0 |a Air   |x Aerodynamics 
999 |a 036639   |b BUKU   |c PINJAMAN   |e PERPUSTAKAAN KOMUNITI PETALING JAYA